000 00672nam a2200241 i 4500
001 C2-0115024
003 PPAK
005 20180727104959.0
008 970713s1974 my a|||| ||||| | may d
040 _aPPAK
_beng
_cPPAK
_erda
082 0 4 _a959.5112
_223
090 0 0 _a959.5112
_bOMA
_dKK
100 0 _aOmar Abdullah,
_eauthor
245 1 0 _aTerusan Wan Mohd. Saman
264 1 _aKuala Lumpur :
_bUtusan ,
_c1974
300 _a[3 pages] :
_billustrations ;
_c21 cm
336 _2rdacontent
_atext
337 _2rdamedia
_aunmediated
338 _2rdacarrier
_avolume
500 _aDipetik dari Mastika, November 1974
650 1 0 _aKedah - History.
942 _ddc
_cB
999 _c29600
_d29600